| 000 | 00342nam a2200145Ia 4500 | ||
|---|---|---|---|
| 003 | LK-CoDNM | ||
| 008 | 010623t1961 xxu||||| |||| 00| 1 Illegeable d | ||
| 040 |
_aLK-CoDNM _dLK-CoDNM _eLK-CoDNM |
||
| 041 | _aIllegeable | ||
| 080 | _a14 K 11 | ||
| 245 | _aPapier Geschichte | ||
| 260 |
_b _c1961 |
||
| 300 | _b35p,ill., 25 cm | ||
| 942 | _cBK | ||
| 999 |
_c105590 _d105590 |
||